000 00804nam a22002531u 4500
001 04870
003 HDC
007 cr bn ---
008 210118p my go d 00 engg
040 _aHDC
110 _aPwC
245 0 _aTAITRA :
_bHalal Industry Overview
260 _a[No Place] :
_b[publisher not identified],
_c[no year]
300 _a35 pages :
_billustrations
336 _atext
_2rdacontent
337 _acomputer
_2rdamedia
338 _aonline resource
_2rdacarrier
650 _aHalal economy
_92148
650 _aHalal industry
_9144
856 _zRequest full-text at [email protected]
942 _2lcc
942 _cSLIDE
942 _kSLID 000346
999 _c2194
_d2194